Equipes da Fórmula 1 (2026) - Statistics

Estatísticas Gerais
  • Esse quiz foi jogado 86 vezes
  • A pontuação média é 7 de 11
Estatísticas das Respostas
Equipes % Correto
Ferrari
96%
Mercedes
94%
McLaren
86%
Audi
77%
Aston Martin
68%
Cadillac
65%
Haas
64%
Alpine
55%
Williams
52%
Racing Bulls
45%
Red Bull Racing
43%
Nenhum quiz correspondente encontrado
Distribuição das Pontuações
Porcentagem de Pessoas com Cada Pontuação
Percentil de Números Respondidos
Sua Pontuação Histórica
Você não jogou esse quiz